| 000 | 01144cam a22003135i 4500 | ||
|---|---|---|---|
| 001 | 85635 | ||
| 003 | BD-RjUL | ||
| 005 | 20250904094601.0 | ||
| 008 | 250903s1979 pk b 000 0 urd | ||
| 020 | _c:Tk. 25.00 | ||
| 035 | _a(BD-RjUL)85635 | ||
| 040 |
_aDLC _beng _erda _cDLC |
||
| 041 | _aeng | ||
| 082 |
_223 _a891.43914 _bAGN 1979 |
||
| 100 | 1 |
_aĀṣif, Muḥammad, _916767 |
|
| 245 | 1 | 0 |
_aنئے تناظر = Nai Tanazur / _cوزیر اغآ = by Wazir Agha |
| 264 | 1 |
_aAllahabad : _bUrdu Writers Guild,, _c1979 |
|
| 300 |
_a299 pages ; _c22 cm |
||
| 336 |
_atext _btxt _2rdacontent |
||
| 337 |
_aunmediated _bn _2rdamedia |
||
| 338 |
_avolume _bnc _2rdacarrier |
||
| 504 | _aIncludes bibliographical references. | ||
| 520 | _aResearch study on clashes between Islamic and Western civilizations in the light of Sir Muḥammad Iqbal's philosophy, national poet and philosopher. | ||
| 600 | 1 | 0 |
_aMajīd Amjad, _d1914-1974 _916768 |
| 650 |
_a Urdu literature — Criticism & interpretation _916769 |
||
| 710 | 2 |
_aIdārah-yi S̲aqāfat-i Islāmiyah (Lahore, Pakistan) _916770 |
|
| 942 |
_2ddc _cBK |
||
| 999 |
_c85635 _d85635 |
||